| 000 | 00000nam 2200000za 4500 |
| 001 | 9.843538 |
| 003 | CaOODSP |
| 005 | 20221107152538 |
| 007 | cr ||||||||||| |
| 008 | 170913s1927 onc |o f|0| 0 eng d |
| 040 | |aCaOODSP|beng |
| 043 | |ae-fr |
| 086 | 1 |aCS62-D-93/1927E-PDF |
| 245 | 00|aReview of price trends and general economic industrial conditions in France |h[electronic resource]. |
| 260 | |a[Ottawa] : |bDominion Bureau of Statistics, |c1927. |
| 300 | |a1 p. |
| 500 | |aDigitized edition from print [produced by Statistics Canada]. |
| 500 | |aCaption title. |
| 500 | |a"Issued May 9th, 1927." |
| 692 | 07|2gccst|aEconomic conditions |
| 692 | 07|2gccst|aIndustrial development |
| 710 | 1 |aCanada. |bDominion Bureau of Statistics. |bInternal Trade Branch. |
| 710 | 1 |aCanada. |bDepartment of Trade and Commerce. |
| 856 | 40|qPDF|s256 KB|uhttps://publications.gc.ca/collections/collection_2017/statcan/CS62-D-93-1927-eng.pdf |
| 986 | |a62-D-93 |